[Event "Pardubice Czech op-C 30th"]
[Site "Pardubice"]
[Date "2019.07.25"]
[Round "7"]
[White "Avetisyan, Aleksey"]
[Black "Nikolov, Yavor"]
[Result "1-0"]
[WhiteElo "2008"]
[BlackElo "2030"]
[PlyCount "105"]
[EventDate "2019.07.20"]
[EventType "swiss"]
[EventRounds "9"]
[EventCountry "CZE"]
[SourceTitle "EXT 2020"]
[Source "ChessBase"]
[SourceDate "2019.10.17"]
[SourceVersion "1"]
[SourceVersionDate "2019.10.17"]
[SourceQuality "1"]

1. e4 d5 2. exd5 Qxd5 3. Nc3 Qd6 4. d4 Nf6 5. Nf3 g6 6. h3 Bg7 7. Bd3 0-0 8. 0-0 a6 9. Ne2 Rd8 10. Rb1 Nc6 11. Bf4 Qd7 12. Ne5 Nxe5 13. Bxe5 b5 14. Qd2 Bb7 15. f3 c5 16. b3 cxd4 17. Bxd4 Qc6 18. Qc3 Qe8 19. Rfe1 e5 20. Bb6 Nd5 21. Qa5 Bf8 22. a3 Bxa3 23. Qxa3 Nxb6 24. Ng3 Qd7 25. Rbd1 Qc7 26. Qc1 f6 27. Qh6 Rac8 28. h4 Bd5 29. h5 Qg7 30. Qe3 Qc7 31. hxg6 hxg6 32. Bxg6 Qc5 33. Nf5 Qxe3+ 34. Rxe3 Be6 35. Red3 Rxd3 36. Rxd3 Bxf5 37. Bxf5 Rc6 38. Rd8+ Kf7 39. Be4 Ke7 40. Rb8 Rd6 41. Rb7+ Ke6 42. g4 a5 43. Bd3 a4 44. Bxb5 axb3 45. cxb3 f5 46. g5 Kd5 47. Be8 Rd8 48. Bf7+ Kc6 49. Rxb6+ Kxb6 50. g6 e4 51. fxe4 fxe4 52. g7 e3 53. Kf1 1-0

[Event "Pardubice Czech op-C 30th"]
[Site "Pardubice"]
[Date "2019.07.24"]
[Round "6"]
[White "Kowalec, Maciej"]
[Black "Avetisyan, Aleksey"]
[Result "1/2-1/2"]
[WhiteElo "2056"]
[BlackElo "2008"]
[PlyCount "132"]
[EventDate "2019.07.20"]
[EventType "swiss"]
[EventRounds "9"]
[EventCountry "CZE"]
[SourceTitle "EXT 2020"]
[Source "ChessBase"]
[SourceDate "2019.10.17"]
[SourceVersion "1"]
[SourceVersionDate "2019.10.17"]
[SourceQuality "1"]

1. d4 d5 2. Nf3 Nf6 3. e3 c6 4. c4 e6 5. Nc3 Nbd7 6. Qc2 Bd6 7. b3 0-0 8. Bd3 h6 9. 0-0 Re8 10. Bb2 Qe7 11. e4 dxe4 12. Nxe4 Nxe4 13. Bxe4 Nf6 14. Bd3 Ba3 15. Rfe1 Bxb2 16. Qxb2 Rd8 17. Rad1 Bd7 18. b4 Be8 19. a4 Qc7 20. g3 a5 21. Bc2 Qb6 22. Rb1 axb4 23. Qxb4 Qxb4 24. Rxb4 Ra7 25. Reb1 Rd7 26. h3 Kf8 27. Kf1 Ke7 28. Ne5 Rc7 29. Ke2 Nd7 30. Nxd7 Kxd7 31. c5 Kc8 32. f4 Re7 33. Kd3 Bd7 34. g4 Re8 35. Kc3 Kc7 36. Bd3 Re7 37. Bc4 Re8 38. Kd3 Rh8 39. Ke4 Re8 40. Kf3 Rh8 41. h4 Rd8 42. Bd3 Rh8 43. h5 Bc8 44. Rg1 Bd7 45. g5 hxg5 46. Rxg5 f6 47. Rxg7 Rxh5 48. Bg6 Rh3+ 49. Kg2 Rh8 50. f5 Kc8 51. Rf7 exf5 52. Rxf6 f4 53. Kf3 Rh3+ 54. Kxf4 Ra3 55. Ke5 Kc7 56. Rf7 Re3+ 57. Kf4 Re1 58. Bf5 Rf1+ 59. Ke5 Rxf5+ 60. Rxf5 Bxf5 61. Kxf5 Ra8 62. Ke4 Re8+ 63. Kd3 Re1 64. Rc4 Rh1 65. Kc2 Ra1 66. Kb2 Rd1 1/2-1/2

[Event "Pardubice Czech op-C 29th"]
[Site "Pardubice"]
[Date "2018.07.24"]
[Round "5"]
[White "Vasilchuk, Tatyana Petrovna"]
[Black "Avetisyan, Aleksey"]
[Result "0-1"]
[WhiteElo "1745"]
[BlackElo "1989"]
[PlyCount "120"]
[EventDate "2018.07.21"]
[EventType "swiss"]
[EventRounds "9"]
[EventCountry "CZE"]
[SourceTitle "CBM 186 Extra"]
[Source "ChessBase"]
[SourceDate "2018.08.24"]
[SourceVersion "1"]
[SourceVersionDate "2018.08.24"]
[SourceQuality "1"]

1. d4 d5 2. Nf3 c6 3. g3 Bf5 4. Bg2 Nf6 5. 0-0 e6 6. Nbd2 Be7 7. Re1 h6 8. Ne5 0-0 9. c3 Nbd7 10. f4 Ne4 11. e3 Nxd2 12. Nxd7 Qxd7 13. Bxd2 Be4 14. Qb3 Bxg2 15. Kxg2 f5 16. Rac1 b5 17. Qd1 Rab8 18. Rg1 Qe8 19. g4 Qg6 20. Kh1 fxg4 21. Qxg4 Qxg4 22. Rxg4 Rf5 23. Rg6 Rf6 24. Rg2 Kh7 25. Re1 Bd6 26. Kg1 Rbf8 27. b3 Rg6 28. Ree2 Rxg2+ 29. Rxg2 Rf6 30. Be1 Rg6 31. Rg3 Rxg3+ 32. hxg3 Kg6 33. Kg2 Kf5 34. Kf3 h5 35. b4 Be7 36. a3 Bd8 37. Bf2 Bc7 38. Be1 g5 39. fxg5 e5 40. dxe5 Bxe5 41. g6 Kxg6 42. e4 d4 43. cxd4 Bxd4 44. g4 hxg4+ 45. Kxg4 Bb2 46. Kf4 Kf6 47. Bf2 Bxa3 48. e5+ Ke6 49. Bxa7 Bxb4 50. Bd4 Kd5 51. Bb2 Ke6 52. Ke3 Bf8 53. Kd4 c5+ 54. Ke4 Bh6 55. Ba3 b4 56. Bb2 Bg5 57. Ba1 Bc1 58. Kd3 Kd5 59. e6 c4+ 60. Kc2 Bg5 0-1

[Event "Pardubice Chladek&Tintera op"]
[Site "Pardubice"]
[Date "2014.07.17"]
[Round "7"]
[White "Avetisyan, Aleksey"]
[Black "Chan, Naruna"]
[Result "1-0"]
[WhiteElo "2023"]
[BlackElo "1881"]
[PlyCount "113"]
[EventDate "2014.07.16"]
[EventType "swiss (rapid)"]
[EventRounds "9"]
[EventCountry "CZE"]
[SourceTitle "EXT 2015"]
[Source "ChessBase"]
[SourceDate "2014.11.20"]
[SourceVersion "1"]
[SourceVersionDate "2014.11.20"]
[SourceQuality "1"]

1. e4 e5 2. Nf3 Nc6 3. Nc3 Nf6 4. Bb5 Bc5 5. 0-0 d6 6. d4 exd4 7. Nxd4 Bd7 8. Nf5 0-0 9. Bg5 Bxf5 10. exf5 d5 11. Bxf6 Qxf6 12. Qxd5 Bb6 13. Bxc6 bxc6 14. Qf3 Rfe8 15. Rfe1 Ba5 16. Rxe8+ Rxe8 17. Rd1 Bxc3 18. Qxc3 Qxf5 19. Qxc6 Qe5 20. g3 h6 21. c3 Re6 22. Qd5 Qe2 23. Qd2 Qe5 24. Qd4 Qh5 25. Qd8+ Kh7 26. Qd3+ Kg8 27. Qd8+ Kh7 28. Kg2 Qc5 29. Qd4 Qc6+ 30. Qd5 Qb6 31. Rd2 Rf6 32. h4 g6 33. Qd4 Qc6+ 34. Kh2 Rd6 35. Qe3 Rxd2 36. Qxd2 Qb6 37. b3 h5 38. c4 a5 39. Kg2 Qc6+ 40. Qd5 Qe8 41. Qxa5 Qe4+ 42. Kh2 Qc2 43. Qa7 Kg8 44. Kg2 Qe4+ 45. f3 Qc2+ 46. Qf2 Qd3 47. Qb2 f6 48. a4 g5 49. hxg5 fxg5 50. a5 g4 51. fxg4 hxg4 52. a6 Qe4+ 53. Kh2 Qh7+ 54. Kg1 Qh6 55. a7 Qa6 56. Qd4 c5 57. Qd8+ 1-0

[Event "Pardubice Chladek&Tintera op"]
[Site "Pardubice"]
[Date "2014.07.17"]
[Round "5"]
[White "Avetisyan, Aleksey"]
[Black "Pultorak, Jan"]
[Result "1/2-1/2"]
[WhiteElo "2023"]
[BlackElo "1951"]
[PlyCount "124"]
[EventDate "2014.07.16"]
[EventType "swiss (rapid)"]
[EventRounds "9"]
[EventCountry "CZE"]
[SourceTitle "EXT 2015"]
[Source "ChessBase"]
[SourceDate "2014.11.20"]
[SourceVersion "1"]
[SourceVersionDate "2014.11.20"]
[SourceQuality "1"]

1. e4 c5 2. Nf3 d6 3. Bb5+ Bd7 4. Bxd7+ Qxd7 5. c4 Nc6 6. d4 cxd4 7. Nxd4 g6 8. Be3 Bg7 9. Nc3 Nf6 10. f3 0-0 11. 0-0 a6 12. Qd2 Rac8 13. b3 Nxd4 14. Bxd4 Qc6 15. Rfd1 Rfe8 16. Rac1 Nd7 17. Bxg7 Kxg7 18. Nd5 Kg8 19. h4 Nb6 20. h5 Nxd5 21. exd5 Qc5+ 22. Kh2 gxh5 23. Qg5+ Kh8 24. Qxh5 Rg8 25. Qh4 Rg6 26. Qd4+ Qxd4 27. Rxd4 Rcg8 28. Rc2 Rh6+ 29. Kg1 Rf6 30. Kf2 Rfg6 31. Kf1 e5 32. dxe6 Rxe6 33. Rcd2 Rgg6 34. Kf2 Kg7 35. Rd5 Kf8 36. R2d4 Ke7 37. Rh4 Re5 38. Rxe5+ dxe5 39. Rxh7 Rd6 40. Ke2 Rd7 41. Rh1 Ke6 42. Rd1 Rc7 43. Kd3 f5 44. Kc3 e4 45. fxe4 fxe4 46. Re1 Ke5 47. b4 Rd7 48. Re3 Kf4 49. Rh3 Rg7 50. Rh2 e3 51. Kd3 Rd7+ 52. Ke2 Rd2+ 53. Ke1 Rxa2 54. Rh4+ Ke5 55. Rh7 Kd4 56. Rxb7 Kxc4 57. Kf1 Rf2+ 58. Ke1 Rxg2 59. Rb6 Ra2 60. Kd1 Rd2+ 61. Ke1 Ra2 62. Kd1 Rd2+ 1/2-1/2

[Event "Pardubice Chladek&Tintera op"]
[Site "Pardubice"]
[Date "2014.07.16"]
[Round "3"]
[White "Avetisyan, Aleksey"]
[Black "Rashitov, Denis Rafisovich"]
[Result "1-0"]
[WhiteElo "2023"]
[BlackElo "1703"]
[PlyCount "29"]
[EventDate "2014.07.16"]
[EventType "swiss (rapid)"]
[EventRounds "9"]
[EventCountry "CZE"]
[SourceTitle "EXT 2015"]
[Source "ChessBase"]
[SourceDate "2014.11.20"]
[SourceVersion "1"]
[SourceVersionDate "2014.11.20"]
[SourceQuality "1"]

1. e4 e5 2. Nf3 Nf6 3. Nc3 Nc6 4. Bb5 Bb4 5. 0-0 0-0 6. d3 d6 7. Bg5 Be6 8. a3 Ba5 9. Nd5 a6 10. Bxc6 bxc6 11. Nxf6+ gxf6 12. Bh6 Re8 13. Nh4 Qd7 14. Qf3 Kh8 15. Qxf6+ 1-0

[Event "Zhukovsky Winter op"]
[Site "Zhukovsky"]
[Date "2014.??.??"]
[Round "4"]
[White "Avetisyan, Aleksey"]
[Black "Kots, Dmitry"]
[Result "1/2-1/2"]
[WhiteElo "1997"]
[BlackElo "1797"]
[PlyCount "103"]
[EventDate "2014.11.22"]
[EventType "swiss"]
[EventRounds "9"]
[EventCountry "RUS"]
[SourceTitle "EXT 2016"]
[Source "ChessBase"]
[SourceDate "2015.10.08"]
[SourceVersion "1"]
[SourceVersionDate "2015.10.08"]
[SourceQuality "1"]

1. e4 d6 2. d4 Nf6 3. Nc3 g6 4. Nf3 Bg7 5. Be2 0-0 6. 0-0 Nc6 7. h3 a6 8. a4 Bd7 9. Be3 e5 10. Qd2 exd4 11. Nxd4 Re8 12. f3 Nh5 13. Nxc6 bxc6 14. Bc4 c5 15. g4 Ng3 16. Rfd1 h5 17. Kg2 h4 18. Bxc5 Bxg4 19. hxg4 dxc5 20. Qd7 Qe7 21. Qxe7 Rxe7 22. Nd5 Kf8 23. Nxe7 Kxe7 24. Rd5 Bd4 25. c3 c6 26. cxd4 cxd5 27. exd5 cxd4 28. Re1+ Kd6 29. b3 a5 30. f4 Rh8 31. Kf3 f5 32. Rd1 fxg4+ 33. Kxg4 Ne4 34. Kf3 Nf6 35. Rxd4 h3 36. Rd1 h2 37. Rh1 Nxd5 38. Kg3 Ne3 39. Bd3 Nf5+ 40. Kg4 Rh4+ 41. Kg5 Ng3 42. Kxh4 Nxh1 43. Be4 Nf2 44. Bf3 h1Q+ 45. Bxh1 Nxh1 46. Kg5 Kc5 47. Kxg6 Ng3 48. f5 Ne4 49. f6 Nxf6 50. Kxf6 Kb4 51. Ke5 Kxb3 52. Kd4 1/2-1/2

[Event "Zhukovsky op 04"]
[Site "Zhukovsky"]
[Date "2014.??.??"]
[Round "6"]
[White "Avetisyan, Aleksey"]
[Black "Kots, Dmitry"]
[Result "0-1"]
[WhiteElo "1997"]
[BlackElo "1797"]
[PlyCount "68"]
[EventDate "2014.04.??"]
[EventType "swiss"]
[EventRounds "9"]
[EventCountry "RUS"]
[SourceTitle "EXT 2016"]
[Source "ChessBase"]
[SourceDate "2015.10.08"]
[SourceVersion "1"]
[SourceVersionDate "2015.10.08"]
[SourceQuality "1"]

1. e4 d6 2. d4 Nf6 3. Nc3 g6 4. Be3 Bg7 5. h3 0-0 6. Qd2 e5 7. Nf3 Nc6 8. d5 Ne7 9. Bh6 Bxh6 10. Qxh6 Kh8 11. 0-0-0 c5 12. dxc6 bxc6 13. Nxe5 Be6 14. Ng4 Neg8 15. Qg5 Kg7 16. Nxf6 Nxf6 17. Qd2 Qb6 18. Qd4 Qa5 19. Kb1 Rab8 20. b3 c5 21. Qe3 c4 22. Kb2 Rb6 23. Ra1 Rfb8 24. Be2 Ra6 25. a3 Rab6 26. Nb1 Qe5+ 27. Qc3 Rxb3+ 28. cxb3 Rxb3+ 29. Kc2 Rxc3+ 30. Nxc3 Nxe4 31. Na2 Nxf2 32. Rhe1 Bf5+ 33. Kd2 c3+ 34. Nxc3 Qf4# 0-1

[Event "Zhukovsky Winter op"]
[Site "Zhukovsky"]
[Date "2014.??.??"]
[Round "2"]
[White "Avetisyan, Aleksey"]
[Black "Leschenko, Wjatcheslaw"]
[Result "1-0"]
[WhiteElo "1997"]
[BlackElo "1648"]
[PlyCount "61"]
[EventDate "2014.11.22"]
[EventType "swiss"]
[EventRounds "9"]
[EventCountry "RUS"]
[SourceTitle "EXT 2016"]
[Source "ChessBase"]
[SourceDate "2015.10.08"]
[SourceVersion "1"]
[SourceVersionDate "2015.10.08"]
[SourceQuality "1"]

1. e4 d6 2. d4 Nd7 3. Nc3 g6 4. Be3 Bg7 5. Bc4 c6 6. Nf3 d5 7. exd5 Nb6 8. Qe2 cxd5 9. Bxd5 Nxd5 10. Qb5+ Kf8 11. Qxd5 Qxd5 12. Nxd5 Bf5 13. c3 Rc8 14. 0-0 Be4 15. Nf4 Bxf3 16. gxf3 h5 17. Nd3 Nf6 18. Rfe1 b6 19. a4 h4 20. h3 Rh5 21. Bd2 a6 22. Re5 Rh7 23. a5 b5 24. Rc5 Ra8 25. Nb4 Bh6 26. Bxh6+ Rxh6 27. Rc6 g5 28. Nxa6 g4 29. fxg4 Nxg4 30. Rxh6 Nxh6 31. Nc7 1-0

[Event "Zhukovsky op"]
[Site "Zhukovsky"]
[Date "2012.04.??"]
[Round "8"]
[White "Avetisyan, Aleksey"]
[Black "Ershov, Aleksey"]
[Result "0-1"]
[WhiteElo "2058"]
[BlackElo "1847"]
[PlyCount "106"]
[EventDate "2012.04.??"]
[EventType "swiss"]
[EventRounds "9"]
[EventCountry "RUS"]
[SourceTitle "EXT 2014"]
[Source "ChessBase"]
[SourceDate "2013.11.20"]
[SourceVersion "1"]
[SourceVersionDate "2013.11.20"]
[SourceQuality "1"]

1. e4 d6 2. d4 Nd7 3. Nf3 e5 4. dxe5 dxe5 5. Bc4 c6 6. Nc3 Be7 7. 0-0 Ngf6 8. h3 0-0 9. Be3 b5 10. Bd3 Qc7 11. a4 b4 12. Ne2 Rd8 13. Ng3 c5 14. b3 Nb6 15. Qe2 Bb7 16. Nd2 Nbd7 17. Nf5 Bf8 18. f3 Nh5 19. Qf2 Nf4 20. Bc4 Nb6 21. Bb5 a5 22. Rfd1 g6 23. Ng3 Ne6 24. Rac1 Nd4 25. Bf1 Nc8 26. Nc4 Bg7 27. Bd3 Ne7 28. Ne2 Nec6 29. Rb1 Bc8 30. Bg5 f6 31. Bd2 Be6 32. Be3 Rd7 33. Nxd4 Nxd4 34. Bxd4 exd4 35. Nb2 Bh6 36. Kf1 Be3 37. Qe2 Qh2 38. Ke1 Qg3+ 39. Kf1 Qh2 40. Ke1 Qg3+ 41. Kf1 Bxh3 42. Nc4 Qh2 43. Nxe3 dxe3 44. Ke1 Bxg2 45. Qxe3 Rad8 46. Qf2 f5 47. Bf1 Rxd1+ 48. Rxd1 Rxd1+ 49. Kxd1 Qd6+ 50. Bd3 fxe4 51. Qxg2 exd3 52. cxd3 Qxd3+ 53. Ke1 Qb1+ 0-1

[Event "Zhukovsky op"]
[Site "Zhukovsky"]
[Date "2012.04.??"]
[Round "9"]
[White "Dubrovin, Ivan"]
[Black "Avetisyan, Aleksey"]
[Result "0-1"]
[WhiteElo "1663"]
[BlackElo "2058"]
[PlyCount "62"]
[EventDate "2012.04.??"]
[EventType "swiss"]
[EventRounds "9"]
[EventCountry "RUS"]
[SourceTitle "EXT 2014"]
[Source "ChessBase"]
[SourceDate "2013.11.20"]
[SourceVersion "1"]
[SourceVersionDate "2013.11.20"]
[SourceQuality "1"]

1. e4 c6 2. d4 g6 3. c3 d5 4. exd5 cxd5 5. Bd3 Nh6 6. Nf3 Bf5 7. 0-0 Bxd3 8. Qxd3 Nc6 9. Bg5 Bg7 10. Re1 0-0 11. h3 Nf5 12. Nbd2 Qd7 13. Ne5 Nxe5 14. dxe5 h6 15. Bf4 e6 16. Ne4 Qc7 17. Ng3 Nxg3 18. Qxg3 Rac8 19. Rad1 Qc4 20. Qe3 g5 21. Rd4 gxf4 22. Rxf4 Qc5 23. Qg3 Rfe8 24. Rg4 Qf8 25. Re3 Rc4 26. f4 Kh7 27. Qh4 Qe7 28. Qg3 Rg8 29. Rf3 f5 30. exf6 Qxf6 31. Rg6 Qxg6 0-1

[Event "Zhukovsky-A 02"]
[Site "Zhukovsky"]
[Date "2011.02.09"]
[Round "5"]
[White "Avetisyan, Aleksey"]
[Black "Temichev, Evgeniy"]
[Result "1-0"]
[WhiteElo "2065"]
[BlackElo "1947"]
[PlyCount "141"]
[EventDate "2011.02.09"]
[EventType "swiss"]
[EventRounds "9"]
[EventCountry "RUS"]
[SourceTitle "EXT 2022"]
[Source "ChessBase"]
[SourceDate "2021.10.06"]
[SourceVersion "1"]
[SourceVersionDate "2021.10.06"]
[SourceQuality "1"]

1. e4 d6 2. d4 Nf6 3. Nc3 c6 4. f3 Qb6 5. Bc4 Nbd7 6. Nge2 g6 7. Bb3 Bg7 8. Be3 e5 9. Qd2 exd4 10. Bxd4 Qc7 11. 0-0-0 Ke7 12. f4 Rd8 13. g4 b5 14. g5 Ne8 15. f5 Bxd4 16. Nxd4 Ne5 17. Ndxb5 Qb8 18. Nd4 Ba6 19. fxg6 hxg6 20. Qf4 Qc7 21. Nf3 Nc4 22. Rd4 d5 23. exd5 Qxf4+ 24. Rxf4 cxd5 25. Nxd5+ Rxd5 26. Bxc4 Bxc4 27. Rxc4 Rf5 28. Re1+ Kf8 29. Rc3 Rd8 30. Rd1 Ra8 31. Rd7 Ng7 32. h4 Ne6 33. Kd2 Ke8 34. Rdd3 Rf4 35. Re3 Kf8 36. Rcd3 Rb8 37. b3 Rc8 38. c3 Rc7 39. b4 Rg4 40. Kc2 Rxb4 41. Rd7 Rbb7 42. Rxc7 Rxc7 43. Ne5 Nd4+ 44. Kd3 Nf5 45. Re4 Kg7 46. c4 Rc5 47. Nd7 Rc8 48. Nf6 Kf8 49. c5 Ne7 50. Kc4 a6 51. Re2 Nf5 52. Rb2 Ng7 53. Kd5 Ke7 54. Re2+ Kd8 55. c6 Rc7 56. a4 Ne6 57. Kd6 Kc8 58. Nd5 Rxc6+ 59. Kxc6 Nd4+ 60. Kb6 Nxe2 61. Kxa6 Nd4 62. Kb6 Nb3 63. Kc6 Na5+ 64. Kd6 Kd8 65. Ke5 Nc6+ 66. Kf6 Ke8 67. Nf4 Nb8 68. a5 Kf8 69. Nxg6+ fxg6 70. Kxg6 Kg8 71. h5 1-0

[Event "Zhukovsky-chA"]
[Site "Zhukovsky"]
[Date "2010.04.01"]
[Round "2"]
[White "Poplevin, Alexander"]
[Black "Avetisyan, Aleksey"]
[Result "1/2-1/2"]
[WhiteElo "2101"]
[BlackElo "2065"]
[PlyCount "144"]
[EventDate "2010.04.01"]
[EventType "swiss"]
[EventRounds "9"]
[EventCountry "RUS"]
[SourceTitle "EXT 2022"]
[Source "ChessBase"]
[SourceDate "2021.10.06"]
[SourceVersion "1"]
[SourceVersionDate "2021.10.06"]
[SourceQuality "1"]

1. c4 e5 2. Nc3 Bb4 3. a3 Bxc3 4. bxc3 d6 5. d3 Nf6 6. e4 0-0 7. f4 exf4 8. Bxf4 Nc6 9. Nf3 Qe7 10. Be2 Ne5 11. 0-0 Nfd7 12. Nd4 Nc5 13. h3 f6 14. Bh2 Nc6 15. Qc2 Nxd4 16. cxd4 Ne6 17. Qb2 c5 18. d5 Ng5 19. Rae1 Nf7 20. Rf2 b6 21. Bf1 Bd7 22. d4 cxd4 23. Qxd4 Ne5 24. Ra2 Rac8 25. Kh1 Rc7 26. a4 Rfc8 27. Bxe5 fxe5 28. Qe3 Rc5 29. Rea1 Ra5 30. Qb3 Rf8 31. Bd3 Qh4 32. Qd1 Qg3 33. Be2 Bxh3 34. Bf3 Bd7 35. Kg1 Rc8 36. Qf1 Qg5 37. Qe2 Qd8 38. Qd3 Qc7 39. Be2 Qc5+ 40. Kh2 Rf8 41. Bf3 Qc8 42. Kg3 Rf6 43. Rh1 Rxa4 44. Rxa4 Bxa4 45. Ra1 Rg6+ 46. Kh2 Rh6+ 47. Kg3 Rg6+ 48. Kh2 Rh6+ 49. Kg3 Qd7 50. Qa3 b5 51. cxb5 Bxb5 52. Qxa7 Qxa7 53. Rxa7 Rg6+ 54. Kh3 Rf6 55. Rb7 Be8 56. Rb8 Kf7 57. Kg3 g6 58. Rb7+ Kg8 59. Bg4 Bf7 60. Bf3 Kg7 61. Bg4 h5 62. Be6 g5 63. Rd7 Kf8 64. Bxf7 Rxf7 65. Rxd6 Rf4 66. Rg6 h4+ 67. Kh3 Rxe4 68. Rxg5 Kf7 69. Rh5 Ke7 70. Rh6 Kd7 71. Re6 Kc7 72. Kh2 Re1 1/2-1/2

[Event "Zhukovsky op"]
[Site "Zhukovsky"]
[Date "2010.??.??"]
[Round "3"]
[White "Avetisyan, Aleksey"]
[Black "Rusakovsky, Oleg"]
[Result "0-1"]
[WhiteElo "2128"]
[BlackElo "1985"]
[PlyCount "74"]
[EventDate "2010.05.14"]
[EventType "swiss"]
[EventRounds "9"]
[EventCountry "RUS"]
[SourceTitle "EXT 2011"]
[Source "ChessBase"]
[SourceDate "2010.11.26"]
[SourceVersion "1"]
[SourceVersionDate "2010.11.26"]
[SourceQuality "1"]

1. Nc3 d5 2. e4 e6 3. f4 Bc5 4. d4 Bb6 5. e5 c5 6. Nf3 Ne7 7. Be3 Nf5 8. Bf2 Nc6 9. dxc5 Ba5 10. Bb5 Bd7 11. Bxc6 Bxc6 12. Bd4 Bxc3+ 13. bxc3 Bb5 14. Kf2 Rc8 15. g4 Nh4 16. Kg3 Nxf3 17. Qxf3 0-0 18. h4 Qe7 19. Rh2 Bc4 20. Rf2 f6 21. exf6 gxf6 22. g5 fxg5 23. hxg5 Rf5 24. Qg4 Kf7 25. Qh5+ Kf8 26. Rh1 Rc7 27. Rfh2 e5 28. Bxe5 Rxe5 29. fxe5 Qxe5+ 30. Kh4 Rf7 31. Rg2 Rf4+ 32. Rg4 Be2 33. Qh6+ Kg8 34. Rxf4 Qxf4+ 35. Kh3 Bg4+ 36. Kg2 Bf3+ 37. Kg1 Qg3+ 0-1